| 000 | 00440nam a2200145Ia 4500 | ||
|---|---|---|---|
| 008 | 211109s9999||||xx |||||||||||||| ||und|| | ||
| 082 |
_a494.8125 _bRAJ-V |
||
| 100 | _aRajaraja Varma, | ||
| 245 | 0 | _aVritha Manjari Enna Chandasasthram | |
| 260 |
_bKAMALALAYAM BOOK DEPOT _aThiruvananthapuram _c1959 |
||
| 300 | _a80p | ||
| 630 | _xGeneral Stack | ||
| 650 |
_aMalayalam Literature _vMalayalam StudyMalayalam Grammar _xMalayalam |
||
| 942 | _cBOOK | ||
| 999 |
_c1155 _d1155 |
||